[Event "Campeonato del mundo sub-18"]
[Site "Kemer TUR"]
[Date "2009.11.20"]
[Round "9.11"]
[White "Demidov, Mikhail"]
[Black "Recuero Guerra, David"]
[Result "1/2-1/2"]
[WhiteElo "2360"]
[BlackElo "2494"]
[PlyCount "194"]
[EventDate "2009.11.11"]
[EventType "swiss"]
[EventRounds "11"]
[EventCountry "ESP"]
[Source "lmi"]
[SourceDate "2009.11.11"]

1. d4 d5 2. Nf3 c5 3. dxc5 Qa5+ 4. c3 Qxc5 5. Be3 Qd6 6. Na3 Qd8 7. Bf4 a6 8.
e4 e6 9. exd5 exd5 10. Qa4+ Bd7 11. Qb3 Bc6 12. Bd3 Nf6 13. O-O Be7 14. Nc2
Nbd7 15. Ncd4 Nc5 16. Qc2 O-O 17. Ne5 Ba4 18. b3 Bd7 19. Nxd7 Ncxd7 20. Rfe1
Rc8 21. Re3 Bc5 22. Qe2 Qb6 23. Rd1 Rfe8 24. Bf5 Rxe3 25. Bxe3 Qc7 26. g3 Re8
27. Qf1 Ne4 28. c4 Ndf6 29. Rc1 Qe5 30. Bxe4 dxe4 31. Nc2 Ng4 32. Bxc5 Qxc5 33.
Qe2 h5 34. Rd1 Qg5 35. Ne3 Ne5 36. Rd5 h4 37. Kg2 hxg3 38. hxg3 f5 39. Nf1 Qh6
40. Qe3 Qh5 41. Qf4 Nd3 42. Qxf5 Qh6 43. Rd7 Rf8 44. Qxe4 Nxf2 45. Qh4 Qc6+ 46.
Rd5 Nd3 47. Qe4 Nf2 48. Qe2 Qc8 49. Qh5 Qe6 50. Rd4 Ne4 51. Qd5 Qxd5 52. cxd5
Nd6 53. Nd2 Rd8 54. g4 Kf7 55. a4 b5 56. Nf3 Re8 57. axb5 axb5 58. Rd3 Re2+ 59.
Kg3 Kf6 60. Nd4 Re5 61. Nc6 Re4 62. Nd4 Re5 63. Rf3+ Kg6 64. Ne6 Kh7 65. Rd3
Kg6 66. Kf4 Re4+ 67. Kf3 Re1 68. Re3 Rf1+ 69. Kg3 Rb1 70. Nc5 Kf7 71. Re6 Rc1
72. b4 Nc4 73. g5 Rg1+ 74. Kf4 Rf1+ 75. Ke4 Re1+ 76. Kf3 Rg1 77. Ne4 Rf1+ 78.
Ke2 Rg1 79. Rc6 Rg4 80. Re6 Rg1 81. Ra6 Rg4 82. Kf3 Ne5+ 83. Ke3 Nc4+ 84. Kd3
Ne5+ 85. Kd4 Nf3+ 86. Ke3 Nxg5 87. Nd6+ Kf8 88. Nxb5 Rxb4 89. Nd4 Rb7 90. Kf4
Nf7 91. Ra8+ Ke7 92. Nf5+ Kd7 93. Nxg7 Kd6 94. Ra5 Kd7 95. Nf5 Rb4+ 96. Ke3 Nd6
97. Ra7+ Rb7 1/2-1/2

[Event "Campeonato del mundo sub-18"]
[Site "Kemer TUR"]
[Date "2009.11.20"]
[Round "9.13"]
[White "Baron, Tal"]
[Black "Shreyansh, Daklia"]
[Result "1/2-1/2"]
[WhiteElo "2404"]
[BlackElo "2236"]
[PlyCount "104"]
[EventDate "2009.11.11"]
[EventType "swiss"]
[EventRounds "11"]
[EventCountry "ESP"]
[Source "lmi"]
[SourceDate "2009.11.11"]

1. e4 c5 2. Nf3 Nc6 3. d4 cxd4 4. Nxd4 g6 5. c4 Nf6 6. Nc3 d6 7. Be2 Nxd4 8.
Qxd4 Bg7 9. Be3 O-O 10. Qd2 Be6 11. O-O a5 12. f3 a4 13. Rab1 Nd7 14. Rfc1 Kh8
15. b4 axb3 16. axb3 f5 17. exf5 Bxf5 18. Bd3 Bxd3 19. Qxd3 Ne5 20. Qe4 Qd7 21.
Bd4 Qc6 22. Kh1 Qxe4 23. Nxe4 Ra2 24. Ra1 Rfa8 25. Rxa2 Rxa2 26. Ra1 Rxa1+ 27.
Bxa1 Nd3 28. Bxg7+ Kxg7 29. Kg1 Nc5 30. Nd2 Kf6 31. Kf2 d5 32. Ke3 dxc4 33.
bxc4 Ke5 34. f4+ Kd6 35. g4 e5 36. h4 exf4+ 37. Kxf4 Ne6+ 38. Ke4 Nc5+ 39. Ke3
Ne6 40. Ke4 Nc5+ 41. Kd4 Ne6+ 42. Ke3 Nc7 43. Ne4+ Ke5 44. Nc5 b5 45. cxb5 Nxb5
46. Nd7+ Kd6 47. Nf8 Ke5 48. Nxh7 Nd6 49. Nf8 Nf5+ 50. gxf5 Kxf5 51. Kf2 Kg4
52. Nxg6 Kh5 1/2-1/2

[Event "Campeonato del mundo sub-18"]
[Site "Kemer TUR"]
[Date "2009.11.20"]
[Round "9.14"]
[White "Faizulaev, Akmal"]
[Black "Kulakov, Viacheslav"]
[Result "1/2-1/2"]
[WhiteElo "2303"]
[BlackElo "2380"]
[PlyCount "76"]
[EventDate "2009.11.11"]
[EventType "swiss"]
[EventRounds "11"]
[EventCountry "ESP"]
[Source "lmi"]
[SourceDate "2009.11.11"]

1. d4 d5 2. c4 e6 3. Nc3 Nf6 4. Bg5 Be7 5. e3 h6 6. Bh4 Ne4 7. Bxe7 Qxe7 8. Nf3
Nxc3 9. bxc3 O-O 10. Qc2 Nd7 11. Rb1 b6 12. cxd5 exd5 13. Be2 c5 14. O-O c4 15.
Nd2 f5 16. Bf3 Nf6 17. Nxc4 Ba6 18. Ne5 Bxf1 19. Rxf1 Rfc8 20. Qxf5 Rxc3 21.
Ng6 Qd6 22. Ne7+ Kh8 23. Ng6+ Kg8 24. Ne7+ Kh8 25. Nxd5 Nxd5 26. Qxd5 Qxd5 27.
Bxd5 Rd8 28. Be6 b5 29. g3 a5 30. Rb1 b4 31. Bb3 Ra8 32. Ba4 Kg8 33. e4 Rd3 34.
d5 Rd2 35. Ra1 Kf8 36. Kf1 Rd3 37. Rb1 Rd2 38. Ra1 Rd3 1/2-1/2

[Event "Campeonato del mundo sub-18"]
[Site "Kemer TUR"]
[Date "2009.11.20"]
[Round "9.15"]
[White "Abasov, Nijat"]
[Black "Vastrukhin, Oleg"]
[Result "1-0"]
[WhiteElo "2522"]
[BlackElo "2312"]
[PlyCount "59"]
[EventDate "2009.11.11"]
[EventType "swiss"]
[EventRounds "11"]
[EventCountry "ESP"]
[Source "lmi"]
[SourceDate "2009.11.11"]

1. e4 e6 2. d4 d5 3. Nc3 Bb4 4. e5 c5 5. a3 Bxc3+ 6. bxc3 Nc6 7. Qg4 g6 8. a4
Bd7 9. Bb5 f5 10. Qd1 Qa5 11. Bd2 c4 12. h4 h6 13. Ne2 Nge7 14. Qc1 O-O-O 15.
Rh3 g5 16. hxg5 hxg5 17. Bxg5 Rxh3 18. gxh3 Rh8 19. Qe3 f4 20. Qxf4 Nf5 21.
Bxc6 Bxc6 22. h4 Bxa4 23. Bf6 Rh6 24. Qg4 b6 25. Qg8+ Kb7 26. Qf7+ Kb8 27. Bd8
a6 28. Qc7+ Ka8 29. Qc8+ Ka7 30. Bc7 1-0

[Event "Campeonato del mundo sub-18"]
[Site "Kemer TUR"]
[Date "2009.11.20"]
[Round "9.16"]
[White "Kanakaris, Georgios"]
[Black "Hovhannisyan, Robert"]
[Result "1/2-1/2"]
[WhiteElo "2312"]
[BlackElo "2487"]
[PlyCount "144"]
[EventDate "2009.11.11"]
[EventType "swiss"]
[EventRounds "11"]
[EventCountry "ESP"]
[Source "lmi"]
[SourceDate "2009.11.11"]

1. d4 d5 2. Nf3 Nf6 3. Nbd2 c5 4. e3 Nc6 5. c3 cxd4 6. exd4 Bg4 7. Qb3 Qc7 8.
h3 Bxf3 9. Nxf3 e6 10. Bf4 Bd6 11. Bxd6 Qxd6 12. Bd3 O-O 13. O-O Nh5 14. Rfe1
Nf4 15. Bf1 Kh8 16. g3 Ng6 17. h4 f6 18. Rad1 Rad8 19. Bh3 Rfe8 20. Qxb7 Rb8
21. Qf7 Nf8 22. Re2 Re7 23. Qh5 a5 24. Rde1 Rbe8 25. Qg4 g6 26. h5 g5 27. h6
Nd8 28. Nh2 Nf7 29. Qh5 f5 30. Bg2 Nd7 31. Nf3 Nf6 32. Qh2 Ne4 33. Ne5 g4 34.
Bxe4 dxe4 35. Qh4 Nxe5 36. Qf6+ Kg8 37. dxe5 Qd8 38. Qg5+ Kf8 39. Qe3 Rd7 40.
c4 Rd3 41. Qc5+ Re7 42. Re3 Kf7 43. Rxd3 exd3 44. Rd1 d2 45. Qe3 Rd7 46. a3 a4
47. b3 axb3 48. Qxb3 Kg6 49. c5 Rd5 50. Qb7 Qh8 51. Qg7+ Qxg7 52. hxg7 Kxg7 53.
c6 Kf7 54. c7 Rc5 55. Rxd2 Rxc7 56. Re2 Kg6 57. Kg2 Ra7 58. Re3 Ra5 59. Kf1 Kg5
60. Ke2 f4 61. gxf4+ Kxf4 62. f3 h5 63. Re4+ Kf5 64. a4 g3 65. Kf1 Rxe5 66. Rh4
Kg5 67. Rb4 Re3 68. Kg2 h4 69. Rg4+ Kh5 70. Kh3 Rxf3 71. Rxh4+ Kg5 72. Rg4+ Kf5
1/2-1/2

[Event "Campeonato del mundo sub-18"]
[Site "Kemer TUR"]
[Date "2009.11.20"]
[Round "9.17"]
[White "Pavlidis, Anastasios"]
[Black "Durarbeyli, Vasif"]
[Result "0-1"]
[WhiteElo "2300"]
[BlackElo "2456"]
[PlyCount "90"]
[EventDate "2009.11.11"]
[EventType "swiss"]
[EventRounds "11"]
[EventCountry "ESP"]
[Source "lmi"]
[SourceDate "2009.11.11"]

1. e4 c5 2. Nf3 d6 3. d4 cxd4 4. Nxd4 Nf6 5. Nc3 Nc6 6. Bg5 e6 7. Qd2 Be7 8.
O-O-O a6 9. f4 Nxd4 10. Qxd4 b5 11. Bxf6 gxf6 12. Bd3 Qc7 13. Qe3 Qc5 14. Qg3
b4 15. Ne2 Kf8 16. Qh3 h5 17. Rhe1 a5 18. Ng3 a4 19. Kd2 Bd8 20. Ne2 Bb6 21.
Rf1 b3 22. c3 bxa2 23. Ra1 e5 24. f5 Bb7 25. Qf3 d5 26. exd5 Bxd5 27. Be4 Rd8
28. Bxd5 Rxd5+ 29. Kc2 Qc4 30. Nc1 Be3 31. Rd1 Rxd1 32. Kxd1 Bxc1 33. Kxc1 Kg7
34. Qg3+ Kh7 35. Qf3 Rd8 36. Rxa2 e4 37. Qxh5+ Kg7 38. Qg4+ Kf8 39. Ra3 Qf1+
40. Kc2 Qd3+ 41. Kc1 Qd2+ 42. Kb1 Rb8 43. b4 axb3 44. Qxe4 b2 45. Qc2 Qxc2+ 0-1

[Event "Campeonato del mundo sub-18"]
[Site "Kemer TUR"]
[Date "2009.11.20"]
[Round "9.20"]
[White "Demuth, Adrien"]
[Black "Karayev, Assylkhan"]
[Result "1-0"]
[WhiteElo "2387"]
[BlackElo "2275"]
[PlyCount "67"]
[EventDate "2009.11.11"]
[EventType "swiss"]
[EventRounds "11"]
[EventCountry "ESP"]
[Source "lmi"]
[SourceDate "2009.11.11"]

1. d4 d6 2. c4 e5 3. Nf3 e4 4. Ng5 f5 5. g3 Be7 6. Nh3 Nf6 7. Bg2 O-O 8. Nc3 c6
9. d5 Nbd7 10. O-O Ne5 11. b3 Rb8 12. Be3 Neg4 13. Bc1 Re8 14. Kh1 Bf8 15. f3
exf3 16. exf3 Ne3 17. Bxe3 Rxe3 18. Qd2 Re8 19. Rae1 Bd7 20. Rxe8 Nxe8 21. f4
Qa5 22. Ng5 Be7 23. b4 Qxb4 24. dxc6 bxc6 25. Bd5+ Kh8 26. Nf7+ Kg8 27. Ng5+
Kh8 28. Nf7+ Kg8 29. Ne5+ Kh8 30. Nxd7 Qb7 31. Rb1 Qxb1+ 32. Nxb1 Rxb1+ 33. Kg2
cxd5 34. Qe2 1-0

[Event "Campeonato del mundo sub-18"]
[Site "Kemer TUR"]
[Date "2009.11.20"]
[Round "9.22"]
[White "Narmontas, Matas"]
[Black "Binder, Michael"]
[Result "1/2-1/2"]
[WhiteElo "2370"]
[BlackElo "2202"]
[PlyCount "80"]
[EventDate "2009.11.11"]
[EventType "swiss"]
[EventRounds "11"]
[EventCountry "ESP"]
[Source "lmi"]
[SourceDate "2009.11.11"]

1. e4 e5 2. Nc3 Nc6 3. f4 Bc5 4. Nf3 d6 5. Bb5 Nge7 6. d3 Bg4 7. Na4 a6 8.
Bxc6+ Nxc6 9. Nxc5 dxc5 10. Be3 Qe7 11. Qd2 exf4 12. Bxf4 f5 13. O-O O-O 14.
Rae1 Qd7 15. Qc3 fxe4 16. Rxe4 b6 17. h3 Bf5 18. Ne5 Nxe5 19. Rxe5 Bg6 20. Ree1
h6 21. Be5 a5 22. Qc4+ Kh7 23. Qh4 Rfe8 24. Qg3 Re7 25. Bc3 Rae8 26. Rxe7 Rxe7
27. Rf8 Re8 28. Rxe8 Bxe8 29. Qe5 Bg6 30. h4 c4 31. dxc4 Bxc2 32. c5 Qf7 33.
Qd4 Qg6 34. h5 Qg5 35. cxb6 cxb6 36. Qxb6 Be4 37. Qf2 a4 38. Qd2 Qxd2 39. Bxd2
Bd5 40. a3 Be6 1/2-1/2

[Event "Campeonato del mundo sub-18"]
[Site "Kemer TUR"]
[Date "2009.11.20"]
[Round "9.24"]
[White "Melnichuk, Mikhail"]
[Black "Bukavshin, Ivan"]
[Result "0-1"]
[WhiteElo "2312"]
[BlackElo "2426"]
[PlyCount "102"]
[EventDate "2009.11.11"]
[EventType "swiss"]
[EventRounds "11"]
[EventCountry "ESP"]
[Source "lmi"]
[SourceDate "2009.11.11"]

1. Nf3 Nf6 2. d4 e6 3. c4 d5 4. Nc3 c6 5. cxd5 exd5 6. Bg5 Be7 7. e3 Bf5 8. Bd3
Bxd3 9. Qxd3 Nbd7 10. O-O O-O 11. h3 Re8 12. Nd2 Bd6 13. Rab1 a5 14. a3 h6 15.
Bxf6 Qxf6 16. Rfd1 Qe7 17. Re1 Bc7 18. Nf3 Nf6 19. Qc2 Bd6 20. Nd2 Rad8 21. e4
dxe4 22. Ncxe4 Bc7 23. Nxf6+ Qxf6 24. Rxe8+ Rxe8 25. Nf3 h5 26. d5 Bb6 27. dxc6
Rc8 28. Re1 Qxc6 29. Qxc6 Rxc6 30. Re8+ Kh7 31. Re7 f6 32. Rxb7 Rc1+ 33. Kh2
Bxf2 34. Rb5 g5 35. g4 Rc2 36. Kh1 Kg6 37. Rxa5 Rxb2 38. Ra6 hxg4 39. hxg4 Bg3
40. Nd4 Rh2+ 41. Kg1 Rh4 42. a4 Rxg4 43. Nc6 Bd6+ 44. Kf2 Rf4+ 45. Kg2 Rc4 46.
a5 g4 47. Nd8 Rc2+ 48. Kf1 Bc5 49. Ne6 Be3 50. Nf8+ Kf7 51. Re6 Bc5 0-1

[Event "Campeonato del mundo sub-18"]
[Site "Kemer TUR"]
[Date "2009.11.20"]
[Round "9.25"]
[White "Ollier, Pablo"]
[Black "Yaksin, Oleg"]
[Result "0-1"]
[WhiteElo "2259"]
[BlackElo "2406"]
[PlyCount "68"]
[EventDate "2009.11.11"]
[EventType "swiss"]
[EventRounds "11"]
[EventCountry "ESP"]
[Source "lmi"]
[SourceDate "2009.11.11"]

1. d4 Nf6 2. c4 e6 3. Nc3 Bb4 4. e3 O-O 5. Bd3 c5 6. Nf3 Nc6 7. d5 Ne7 8. e4
Bxc3+ 9. bxc3 d6 10. O-O e5 11. Nh4 Nd7 12. g3 Re8 13. Rb1 Nb6 14. f4 exf4 15.
Bxf4 Ng6 16. Nxg6 hxg6 17. Qf3 Bh3 18. Rf2 Qd7 19. Re1 Bg4 20. Qh1 f5 21. h3
fxe4 22. hxg4 exd3 23. Ref1 Re2 24. Qf3 g5 25. Bxg5 Rxf2 26. Rxf2 Nxc4 27. Qxd3
Ne5 28. Qf5 Re8 29. Qxd7 Nxd7 30. Bf4 Nf6 31. Rb2 b6 32. c4 Re4 33. Rc2 Nxg4
34. Bxd6 Re1+ 0-1

[Event "Campeonato del mundo sub-18"]
[Site "Kemer TUR"]
[Date "2009.11.20"]
[Round "9.26"]
[White "Schon, Eugene"]
[Black "Mazur, Stefan"]
[Result "0-1"]
[WhiteElo "2171"]
[BlackElo "2360"]
[PlyCount "150"]
[EventDate "2009.11.11"]
[EventType "swiss"]
[EventRounds "11"]
[EventCountry "ESP"]
[Source "lmi"]
[SourceDate "2009.11.11"]

1. e4 e5 2. Nf3 Nc6 3. Bb5 a6 4. Ba4 Nf6 5. O-O Be7 6. Re1 b5 7. Bb3 d6 8. c3
O-O 9. h3 Na5 10. Bc2 c5 11. d4 Qc7 12. Nbd2 cxd4 13. cxd4 Nc6 14. Nb3 a5 15.
Be3 a4 16. Nbd2 Bd7 17. Rc1 Qb7 18. Qe2 Rfe8 19. Bd3 exd4 20. Nxd4 Nb4 21. Bb1
a3 22. b3 Bd8 23. Qf3 d5 24. Bg5 Qb6 25. Qc3 dxe4 26. Qxb4 Be7 27. Qc3 Nd5 28.
Qg3 Bxg5 29. Qxg5 Qxd4 30. Rxe4 Rxe4 31. Bxe4 Be6 32. Bxd5 Bxd5 33. Qe3 Qxe3
34. fxe3 Rd8 35. e4 Be6 36. Nf3 f5 37. exf5 Bxf5 38. Kf2 Be4 39. Rc5 Bb1 40.
Rxb5 Ra8 41. Nd4 Bxa2 42. Nc2 Bb1 43. Na1 Rd8 44. Ke1 Re8+ 45. Kd2 Rd8+ 46. Ke1
h6 47. b4 Be4 48. Ra5 Rd3 49. Nc2 Rb3 50. Nxa3 Rxb4 51. Rb5 Ra4 52. Rb3 Bxg2
53. Kf2 Bd5 54. Rd3 Be6 55. Kg2 Rb4 56. Rc3 Rb2+ 57. Kg3 Bd5 58. Nc2 Kf7 59.
Ne3 Be6 60. Ng4 h5 61. Rf3+ Kg8 62. Re3 Bf5 63. Re5 Rb3+ 64. Ne3 g6 65. Kh4 Bb1
66. Nd5 Kg7 67. Nf4 Kh6 68. Re6 Bf5 69. Rc6 Rf3 70. Rxg6+ Bxg6 71. Nxg6 Rf5 72.
Ne7 Rc5 73. Kg3 Kg5 74. h4+ Kf6 75. Ng8+ Kg7 0-1

[Event "Campeonato del mundo sub-18"]
[Site "Kemer TUR"]
[Date "2009.11.20"]
[Round "9.27"]
[White "Wageih, Kareim"]
[Black "Larmuseau, Maarten"]
[Result "1-0"]
[WhiteElo "2324"]
[BlackElo "2160"]
[PlyCount "95"]
[EventDate "2009.11.11"]
[EventType "swiss"]
[EventRounds "11"]
[EventCountry "ESP"]
[Source "lmi"]
[SourceDate "2009.11.11"]

1. d4 e6 2. Nf3 Nf6 3. e3 b6 4. Bd3 Bb7 5. O-O c5 6. c4 Bxf3 7. Qxf3 Nc6 8. d5
Ne5 9. Qe2 Nxd3 10. Qxd3 exd5 11. cxd5 Bd6 12. e4 O-O 13. f4 c4 14. Qxc4 Bc5+
15. Kh1 Ng4 16. g3 Qe8 17. Nc3 f5 18. d6+ Kh8 19. e5 Nf2+ 20. Kg2 Qh5 21. h4
Ng4 22. b4 Be3 23. Qd3 Bxc1 24. Raxc1 Rae8 25. Nd5 Qf7 26. Kg1 Qh5 27. Ne3 Re6
28. Nxg4 Qxg4 29. Qf3 Qh3 30. Rf2 Rg6 31. Rg2 a5 32. b5 h6 33. Rc7 Rg4 34. Rc3
Rg6 35. h5 Re6 36. Rh2 Qg4 37. Qxg4 fxg4 38. Rc7 Rd8 39. Rhc2 Kg8 40. Rb7 Kf7
41. Rxb6 g5 42. hxg6+ Rxg6 43. Ra6 Ke6 44. Rxa5 h5 45. b6 Rb8 46. Rb5 h4 47. b7
hxg3 48. Rc8 1-0

[Event "Campeonato del mundo sub-18"]
[Site "Kemer TUR"]
[Date "2009.11.20"]
[Round "9.28"]
[White "Pourramezanali, Amirreza"]
[Black "Aguirre, Manzo Leopoldo"]
[Result "1/2-1/2"]
[WhiteElo "2321"]
[BlackElo "2148"]
[PlyCount "149"]
[EventDate "2009.11.11"]
[EventType "swiss"]
[EventRounds "11"]
[EventCountry "ESP"]
[Source "lmi"]
[SourceDate "2009.11.11"]

1. e4 c5 2. c3 d5 3. exd5 Qxd5 4. d4 Nc6 5. Nf3 Nf6 6. Be2 Bg4 7. h3 Bh5 8. c4
Qd6 9. g4 Bg6 10. d5 Nb4 11. Na3 Nd7 12. O-O a6 13. Be3 h5 14. g5 e6 15. Qd2
O-O-O 16. Rfd1 Be4 17. Bf4 e5 18. Bh2 f6 19. Qe3 Bh7 20. Kh1 Be7 21. Rg1 Nf8
22. Bf1 Qd7 23. gxf6 gxf6 24. Nxe5 fxe5 25. Qxe5 Bd6 26. Qxd6 Qxd6 27. Bxd6
Rxd6 28. Re1 Ng6 29. Rg5 Nf4 30. Kh2 Rd7 31. Kg3 Rf8 32. Re3 Rdf7 33. h4 Kc7
34. Rge5 Kd6 35. Bh3 Nxh3 36. Kxh3 Bf5+ 37. Kg2 Bg4 38. Rg5 Rxf2+ 39. Kg3 R8f3+
40. Rxf3 Rxf3+ 41. Kg2 Nd3 42. Rg7 Rf2+ 43. Kg3 Rxb2 44. Rg6+ Ke5 45. Rg5+ Ke4
46. Rg7 Rxa2 47. Nb1 Ke5 48. Rg5+ Kf6 49. Nc3 Rc2 50. Ne4+ Ke7 51. d6+ Kd7 52.
Rd5 Rg2+ 53. Kxg2 Nf4+ 54. Kg3 Nxd5 55. cxd5 Bf5 56. Nxc5+ Kxd6 57. Nxb7+ Kxd5
58. Kf4 Bg4 59. Ke3 Kc6 60. Nd8+ Kb5 61. Kd2 Kc4 62. Nc6 Kc5 63. Ne5 Kd4 64.
Nd3 a5 65. Nf4 Bf5 66. Nxh5 a4 67. Ng3 Bd3 68. Ne2+ Kc4 69. Nc1 Bh7 70. h5 a3
71. h6 Bg6 72. Na2 Kb3 73. Nc1+ Kb4 74. Na2+ Kc4 75. Nc1 1/2-1/2

[Event "Campeonato del mundo sub-18"]
[Site "Kemer TUR"]
[Date "2009.11.20"]
[Round "9.31"]
[White "Anton, Teodor"]
[Black "Tasdelen, Deniz Murat"]
[Result "1-0"]
[WhiteElo "2363"]
[BlackElo "2058"]
[PlyCount "101"]
[EventDate "2009.11.11"]
[EventType "swiss"]
[EventRounds "11"]
[EventCountry "ESP"]
[Source "lmi"]
[SourceDate "2009.11.11"]

1. d4 d5 2. c4 c6 3. Nf3 Nf6 4. Qc2 dxc4 5. Qxc4 Bf5 6. g3 e6 7. Bg2 Be7 8. O-O
Nbd7 9. Nc3 Ne4 10. Qb3 Qb6 11. Nh4 Nxc3 12. bxc3 Bxh4 13. gxh4 O-O 14. e4 Bg4
15. Qc2 c5 16. Rb1 Qc7 17. Qd3 Rab8 18. Qg3 Qxg3 19. hxg3 Be2 20. Re1 Bd3 21.
Rb2 b5 22. Bf4 Rbc8 23. Rd2 c4 24. Bd6 Rfe8 25. e5 Nb6 26. Bb7 Nd5 27. Rc1 Rb8
28. Bxb8 Rxb8 29. Bxd5 exd5 30. Rb2 a5 31. a3 h6 32. f3 Kf8 33. Kf2 Ke7 34. Ke3
Kd7 35. g4 Kc6 36. Ra1 Rb7 37. f4 f5 38. gxf5 Bxf5 39. Rg1 h5 40. Rbg2 b4 41.
axb4 axb4 42. Rg6+ Bxg6 43. Rxg6+ Kb5 44. cxb4 Kxb4 45. Rc6 Kc3 46. e6 Rb1 47.
f5 Rb8 48. Kf4 Kxd4 49. f6 c3 50. f7 Kd3 51. e7 1-0

[Event "Campeonato del mundo sub-18"]
[Site "Kemer TUR"]
[Date "2009.11.20"]
[Round "9.32"]
[White "Adair, James Robert"]
[Black "Arenas, David"]
[Result "0-1"]
[WhiteElo "2188"]
[BlackElo "2333"]
[PlyCount "108"]
[EventDate "2009.11.11"]
[EventType "swiss"]
[EventRounds "11"]
[EventCountry "ESP"]
[Source "lmi"]
[SourceDate "2009.11.11"]

1. e4 c5 2. Nf3 d6 3. d4 cxd4 4. Nxd4 Nf6 5. Nc3 g6 6. Be3 Bg7 7. f3 O-O 8. Qd2
Nc6 9. O-O-O d5 10. Qe1 e5 11. Nxc6 bxc6 12. exd5 cxd5 13. Bb5 Qc7 14. Nxd5
Nxd5 15. Rxd5 Rb8 16. Ba4 e4 17. Bb3 exf3 18. gxf3 Be6 19. Rc5 Qe7 20. Qf2 Qf6
21. c4 Rfc8 22. Rxc8+ Rxc8 23. Qc2 a5 24. c5 Bxb3 25. axb3 Re8 26. Re1 Qe6 27.
Qc4 Qe5 28. Re2 Bh6 29. Bxh6 Qxe2 30. Qxe2 Rxe2 31. c6 Re6 32. c7 Rc6+ 33. Kb1
Rxc7 34. Bd2 Rc5 35. Ka2 Rh5 36. Ka3 Kf8 37. Bf4 Ke8 38. Bg3 Kd7 39. b4 axb4+
40. Kxb4 Kc6 41. Kc4 Rf5 42. f4 h5 43. Kc3 Kd5 44. b4 f6 45. Kb3 h4 46. Bxh4
Rxf4 47. Bg3 Rf3+ 48. Ka4 Kc4 49. Bd6 Rd3 50. Be7 Rd7 51. Bc5 f5 52. Ka5 f4 53.
Kb6 f3 54. Kc6 Rf7 0-1

[Event "Campeonato del mundo sub-18"]
[Site "Kemer TUR"]
[Date "2009.11.20"]
[Round "9.33"]
[White "Margarido, Ricardo Emanuel Tor"]
[Black "Kocheev, Aleksandr"]
[Result "0-1"]
[WhiteElo "1966"]
[BlackElo "2247"]
[PlyCount "74"]
[EventDate "2009.11.11"]
[EventType "swiss"]
[EventRounds "11"]
[EventCountry "ESP"]
[Source "lmi"]
[SourceDate "2009.11.11"]

1. d4 Nf6 2. c4 g6 3. Nf3 Bg7 4. g3 O-O 5. Bg2 c6 6. O-O d5 7. Nc3 Ne4 8. Qb3
Nxc3 9. bxc3 dxc4 10. Qxc4 Be6 11. Qb4 Qd7 12. Ba3 Re8 13. Ng5 a5 14. Qb2 Bc4
15. Rfb1 b5 16. Ne4 e5 17. Bc5 Na6 18. Rd1 Bd5 19. Nd6 exd4 20. Nxe8 dxc3 21.
Qc2 Qxe8 22. Bd4 Bxg2 23. Kxg2 b4 24. Bxg7 Kxg7 25. Rd6 Nc7 26. Rd4 c5 27. Re4
Qc6 28. f3 Nb5 29. Rd1 Nd4 30. Qd3 Rd8 31. Qc4 Nxf3 32. Rxd8 Nd2 33. Qd5 Qxd5
34. Rxd5 Nxe4 35. Rd1 a4 36. Kf3 c2 37. Rc1 b3 0-1

[Event "Campeonato del mundo sub-18"]
[Site "Kemer TUR"]
[Date "2009.11.20"]
[Round "9.34"]
[White "Ulkhanov, Azamat"]
[Black "Poleshchuk, Dmitriy"]
[Result "1-0"]
[WhiteElo "2068"]
[BlackElo "2234"]
[PlyCount "53"]
[EventDate "2009.11.11"]
[EventType "swiss"]
[EventRounds "11"]
[EventCountry "ESP"]
[Source "lmi"]
[SourceDate "2009.11.11"]

1. e4 c5 2. Nf3 d6 3. d4 cxd4 4. Nxd4 Nf6 5. Nc3 Nc6 6. Bc4 Bd7 7. Bb3 g6 8.
Be3 Bg7 9. f3 O-O 10. Qd2 Na5 11. O-O-O Rb8 12. h4 b5 13. h5 Nxh5 14. g4 Nf6
15. Bh6 e6 16. Bxg7 Kxg7 17. Qh6+ Kg8 18. g5 Nh5 19. Rxh5 gxh5 20. Nf5 Nxb3+
21. axb3 exf5 22. Nd5 f6 23. g6 Rf7 24. Rg1 fxe4 25. gxf7+ Kxf7 26. Qxh7+ Ke6
27. Nf4+ 1-0

[Event "Campeonato del mundo sub-18"]
[Site "Kemer TUR"]
[Date "2009.11.20"]
[Round "9.35"]
[White "Pradeep Kumar, Raghu"]
[Black "Janev, Pavel"]
[Result "1-0"]
[WhiteElo "2202"]
[BlackElo "1990"]
[PlyCount "43"]
[EventDate "2009.11.11"]
[EventType "swiss"]
[EventRounds "11"]
[EventCountry "ESP"]
[Source "lmi"]
[SourceDate "2009.11.11"]

1. e4 c5 2. Nf3 Nc6 3. Bb5 g6 4. O-O Bg7 5. c3 a6 6. Bxc6 bxc6 7. d3 d6 8. h3
Nh6 9. Be3 f5 10. e5 dxe5 11. Nxe5 Qd5 12. Nc4 f4 13. Bxf4 O-O 14. Bg3 Qg5 15.
Nbd2 Nf5 16. Ne4 Qh6 17. Nb6 Nxg3 18. fxg3 Qe3+ 19. Kh2 Bxh3 20. gxh3 Rxf1 21.
Qxf1 Rf8 22. Re1 1-0

[Event "Campeonato del mundo sub-18"]
[Site "Kemer TUR"]
[Date "2009.11.20"]
[Round "9.37"]
[White "Sanchez, Maya Simon"]
[Black "Akdag, Dara"]
[Result "1-0"]
[WhiteElo "2194"]
[BlackElo "2189"]
[PlyCount "61"]
[EventDate "2009.11.11"]
[EventType "swiss"]
[EventRounds "11"]
[EventCountry "ESP"]
[Source "lmi"]
[SourceDate "2009.11.11"]

1. e4 c5 2. d4 cxd4 3. c3 dxc3 4. Nxc3 Nc6 5. Nf3 d6 6. Bc4 a6 7. O-O Nf6 8. h3
e6 9. Qe2 Be7 10. Rd1 Qc7 11. Bf4 e5 12. Bg5 Be6 13. Rac1 Qd8 14. Bxe6 fxe6 15.
Qc4 Kf7 16. Bf4 exf4 17. Ng5+ Kg6 18. Nxe6 Qa5 19. Nxf4+ Kh6 20. Ncd5 g6 21.
Nxe7 Nxe7 22. Qf7 Rhf8 23. Qxe7 Rae8 24. Qxb7 Nxe4 25. Rc7 Nc5 26. Rxh7+ Kg5
27. h4+ Kxf4 28. Qf3+ Ke5 29. Qd5+ Kf6 30. Qg5+ Ke6 31. Qxg6+ 1-0

[Event "Campeonato del mundo sub-18"]
[Site "Kemer TUR"]
[Date "2009.11.20"]
[Round "9.39"]
[White "Yilmaz, Baler"]
[Black "Mocanu, Sergiu"]
[Result "0-1"]
[WhiteElo "1847"]
[BlackElo "2169"]
[PlyCount "44"]
[EventDate "2009.11.11"]
[EventType "swiss"]
[EventRounds "11"]
[EventCountry "ESP"]
[Source "lmi"]
[SourceDate "2009.11.11"]

1. d4 Nf6 2. c4 e6 3. Nc3 Bb4 4. Qc2 c5 5. e3 cxd4 6. exd4 d5 7. Nf3 Nc6 8.
cxd5 Nxd5 9. Bd3 Nf6 10. O-O Be7 11. Bf4 Nb4 12. Bb5+ Bd7 13. Qb3 Bxb5 14. Nxb5
Nfd5 15. Bg3 O-O 16. Rac1 Qb6 17. Qc4 Nxa2 18. Nc7 Nxc1 19. Nxa8 Qxb2 20. Rxc1
Rxa8 21. Ne5 h6 22. f4 Ne3 0-1

[Event "Campeonato del mundo sub-18"]
[Site "Kemer TUR"]
[Date "2009.11.20"]
[Round "9.41"]
[White "Eiti, Bashir"]
[Black "Hesham, Abdelrahman"]
[Result "1-0"]
[WhiteElo "1813"]
[BlackElo "2155"]
[PlyCount "107"]
[EventDate "2009.11.11"]
[EventType "swiss"]
[EventRounds "11"]
[EventCountry "ESP"]
[Source "lmi"]
[SourceDate "2009.11.11"]

1. Nf3 Nf6 2. d4 g6 3. Bf4 Bg7 4. c3 O-O 5. Nbd2 d5 6. e3 c5 7. Bd3 b6 8. O-O
Bb7 9. Qc2 Nbd7 10. Rfe1 Nh5 11. Bg5 h6 12. Bh4 g5 13. Bg3 Nxg3 14. hxg3 Re8
15. Rad1 Qc7 16. Qa4 a6 17. Bb1 e5 18. dxe5 Nxe5 19. Nxe5 Rxe5 20. Qc2 Rae8 21.
Nf3 R5e7 22. Rd2 Qc6 23. Red1 Qe6 24. c4 d4 25. exd4 Bxf3 26. gxf3 Qh3 27. Qh7+
Kf8 28. Be4 g4 29. Qf5 cxd4 30. Rxd4 Re5 31. Qf4 Rh5 32. fxg4 Be5 33. Qf3 Qh2+
34. Kf1 Bxd4 35. Rxd4 Rhe5 36. Rd7 Qh3+ 37. Kg1 R5e7 38. Rxe7 Rxe7 39. b4 Re5
40. Qf4 Re6 41. c5 bxc5 42. bxc5 h5 43. c6 hxg4 44. c7 Re8 45. Qf5 Qh8 46. c8=Q
Qa1+ 47. Kg2 Rxc8 48. Qxc8+ Kg7 49. Qxg4+ Kf6 50. Qf4+ Ke6 51. Bf5+ Ke7 52.
Qg5+ Kf8 53. Qh6+ Ke7 54. Qxa6 1-0